Pracujeme a hráme sa s Legom

História Lega. Vzťah dieťaťa k nemu. Obsah pojmu Lego dacta a jeho odbornosť. Práca s touto učebnou pomôckou v materskej škole a jej široké využitie. Aplikácia Lega v Matematických predstavách a v ďalších predmetoch.

Bibliographic Details
Main Author: Gulišová, Irena (Author)
Format: Article
Language:Slovak
Subjects:

MARC

LEADER 00000cab a2200000 a 4500
001 vtls001511894
003 SK-MaSNL
005 20260304210100.0
008 140912c20022003xo sr 0 0b0slos
035 |a SPKCL14221 
040 |a SPKCL  |b slo  |c SNKBUCL  |d SPK(LP)  |e AACR2 
041 0 |a slo 
044 |a xo  |c SK 
080 |a 371.382:371.695:373.24  |2 1981 
100 1 |a Gulišová, Irena  |4 aut  |9 1437450 
245 1 0 |a Pracujeme a hráme sa s Legom  |c Irena Gulišová 
520 |a História Lega. Vzťah dieťaťa k nemu. Obsah pojmu Lego dacta a jeho odbornosť. Práca s touto učebnou pomôckou v materskej škole a jej široké využitie. Aplikácia Lega v Matematických predstavách a v ďalších predmetoch. 
650 0 7 |a hra  |2 SNKPH  |9 19620 
650 0 7 |a hračky  |2 SNKPH  |9 25248 
650 0 7 |a materské školy  |2 SNKPH  |9 1278 
650 0 7 |a učebné pomôcky  |2 SNKPH  |9 13833 
650 0 7 |a matematika  |2 SNKPH  |9 70174 
650 0 7 |a stavebnice  |2 SNKPH  |9 90088 
650 0 7 |a vyučovacie predmety  |2 SNKPH  |9 4072 
655 7 |a články  |2 SNKPH  |9 70601 
773 1 |t Predškolská výchova  |g Roč. 57, č. 2 (2002/2003) s. 33-35 
850 |a Slovenská pedagogická knižnica Bratislava 
852 |a SPKCL  |b KIS3GCP  |b 000710000  |n SK 
999 |c 3124413  |d 3126343